| 000 -LEADER |
| fixed length control field |
00696cam a2200229 i 4500 |
| 001 - CONTROL NUMBER |
| control field |
1760858 |
| 005 - DATE AND TIME OF LATEST TRANSACTION |
| control field |
20180209073403.0 |
| 008 - FIXED-LENGTH DATA ELEMENTS--GENERAL INFORMATION |
| fixed length control field |
760312s1976 nyu b 000 0 eng |
| 010 ## - LIBRARY OF CONGRESS CONTROL NUMBER |
| LC control number |
76008249 |
| 020 ## - INTERNATIONAL STANDARD BOOK NUMBER |
| International Standard Book Number |
0916354431 : |
| Terms of availability |
$10.00. |
| International Standard Book Number |
091635444X |
| Terms of availability |
$3.95 |
| 040 ## - CATALOGING SOURCE |
| Original cataloging agency |
DLC |
| Transcribing agency |
DLC |
| Modifying agency |
DLC |
| 041 1# - LANGUAGE CODE |
| Language code of text/sound track or separate title |
engfre |
| 080 ## - UNIVERSAL DECIMAL CLASSIFICATION NUMBER |
| Universal Decimal Classification number |
335.4/12 SUZ |
| 082 00 - DEWEY DECIMAL CLASSIFICATION NUMBER |
| Classification number |
335.4/12 SUZ |
| 100 1# - Rafti |
| Rafti |
52 |
| 101 ## - Shkurtesa |
| Shkurtesa |
ECO |
| 240 10 - UNIFORM TITLE |
| Uniform title |
<a href="Monnaie chez Marx.">Monnaie chez Marx.</a> |
| Language of a work |
English |
| 245 10 - TITLE STATEMENT |
| Title |
Marx on money / |
| Statement of responsibility, etc |
by Suzanne de Brunhoff ; translated by Maurice J. Goldbloom ; pref. by Duncan K. Foley. |
| 504 ## - BIBLIOGRAPHY, ETC. NOTE |
| Bibliography, etc |
Includes bibliographical references. |
| 906 ## - LOCAL DATA ELEMENT F, LDF (RLIN) |
| a |
7 |
| b |
cbc |
| c |
orignew |
| d |
1 |
| e |
ocip |
| f |
19 |
| g |
y-gencatlg |
| 942 ## - ADDED ENTRY ELEMENTS (KOHA) |
| Source of classification or shelving scheme |
|
| Item type |
Books |